Giáo trình kinh tế quốc tế Dùng cho các trường cao đẳng, đại học khối kinh tế
Khái quát đặc điểm kinh tế thế giới và môn học kinh tế quốc tế, thương mại quốc tế và đầu tư quốc tế, liên kết và hội nhập kinh tế quốc tế
Guardat en:
| Autor principal: | |
|---|---|
| Format: | Llibre |
| Idioma: | Undetermined |
| Publicat: |
H.
Giáo dục Việt Nam
2009
|
| Matèries: | |
| Accés en línia: | http://lrc.tdmu.edu.vn/opac/search/detail.asp?aID=2&ID=7236 |
| Etiquetes: |
Afegir etiqueta
Sense etiquetes, Sigues el primer a etiquetar aquest registre!
|
| Thư viện lưu trữ: | Trung tâm Học liệu Trường Đại học Thủ Dầu Một |
|---|
| LEADER | 01017nam a2200217Ia 4500 | ||
|---|---|---|---|
| 001 | TDMU_7236 | ||
| 008 | 210410s9999 xx 000 0 und d | ||
| 082 | |a 337.071 | ||
| 090 | |b Đ450 | ||
| 100 | |a Đỗ, Đức Bình | ||
| 245 | 0 | |a Giáo trình kinh tế quốc tế | |
| 245 | 0 | |b Dùng cho các trường cao đẳng, đại học khối kinh tế | |
| 245 | 0 | |c Đỗ Đức Bình;Nguyễn Thị Thúy Hồng | |
| 260 | |a H. | ||
| 260 | |b Giáo dục Việt Nam | ||
| 260 | |c 2009 | ||
| 300 | |a 279tr | ||
| 520 | |a Khái quát đặc điểm kinh tế thế giới và môn học kinh tế quốc tế, thương mại quốc tế và đầu tư quốc tế, liên kết và hội nhập kinh tế quốc tế | ||
| 650 | |a Giáo trình; Kinh tế; Kinh tế quốc tế | ||
| 856 | |u http://lrc.tdmu.edu.vn/opac/search/detail.asp?aID=2&ID=7236 | ||
| 980 | |a Trung tâm Học liệu Trường Đại học Thủ Dầu Một | ||